|
|
|
|
| LEADER |
01500nam a22003137a 4500 |
| 001 |
30160 |
| 003 |
BD-DhAAL |
| 005 |
20240926125313.0 |
| 008 |
151021s2015 bg a|||| b||| 00| 0 eng d |
| 040 |
|
|
|a BD-DhAAL
|c BD-DhAAL
|
| 082 |
|
|
|2 22
|a 307.1412095492
|
| 245 |
|
|
|a Livelihoods in depressed basins of Bangladesh :
|b a case study of Derai and Baniachang, Sylhet,
|k research report.
|n No. 42 /
|c Jinnat Ara ... [et al.].
|
| 260 |
|
|
|a Dhaka :
|b Research and Evaluation Division, BRAC,
|c 2015
|
| 300 |
|
|
|a 42 pages :
|b illistrations ;
|c 24 cm.
|
| 541 |
|
|
|e 30160
|a Complimentary copy from BRAC
|
| 610 |
|
|
|a BRAC
|9 15610
|
| 650 |
|
|
|a Rural Development
|z Bangladesh
|9 15611
|
| 700 |
|
|
|a Ara, Jinnat.
|9 56897
|
| 700 |
|
|
|a Rahman, Rehnuma.
|
| 700 |
|
|
|a Ahmed. Md Shakil.
|9 15613
|
| 700 |
|
|
|a Ahmad, Sibbir.
|9 15614
|
| 700 |
|
|
|a Hossain, Mahabub.
|9 15615
|
| 700 |
|
|
|a Mohsin, Mohammad.
|9 15616
|
| 710 |
|
|
|a BRAC
|9 15610
|
| 852 |
|
|
|a Ayesha Abed Library
|c BRAC Resource Section
|
| 942 |
|
|
|2 ddc
|c BK
|
| 999 |
|
|
|c 35864
|d 35864
|
| 952 |
|
|
|0 0
|1 0
|2 ddc
|4 0
|6 307_141209549200000_LIV
|7 1
|9 56389
|a BRACUL
|b BRACUL
|c BRS
|d 2015-10-21
|e Complimentary copy from BRAC
|l 0
|o 307.1412095492 LIV
|p 3010030160
|r 2015-10-21
|t 1
|w 2015-10-21
|y BK
|x Complimentary copy from BRAC ; price not available in register
|
| 952 |
|
|
|0 0
|1 0
|2 ddc
|4 0
|6 307_141209549200000_LIV
|7 1
|9 56390
|a BRACUL
|b BRACUL
|c BRS
|d 2015-10-21
|e BRAC
|l 0
|o 307.1412095492 LIV
|p 3010030161
|r 2015-10-21
|t 2
|w 2015-10-21
|y BK
|x Complimentary copy from BRAC ; price not available in register
|